000 00730nam a22002051a 4500
001 19439
003 OSt
005 20260204212453.0
008 190529s2017||||ck ||||||b||||||||||spa||
020 _a9789588992259
082 _a344.046 C355d
100 _aCastro Buitrago, Erika
245 _aDerecho ambiental y gobernanza:la concertación como actuación informal de la administración/Erika Castro Buitrago
264 _aMedellín,Colombia:Universidad de Medellín
300 _a454 Páginas
500 _aIncluye Bibliografía
650 _aDerecho ambiental 2.Derecho administrativo 3.Gestión ambiental-Administración pública 4.Política ambiental
700 _aLópez Escobar, Leonardo DavidÌ
942 _2ddc
_cBK
999 _c19439
_d19439